| 000 | 00497nam a22001577a 4500 | ||
|---|---|---|---|
| 003 | NUST | ||
| 082 | _a200 | ||
| 100 |
_aKhalid, Aneeza _996777 |
||
| 245 |
_aOptimal Solution for Load and Price Forecasting in Smart Grids / _cAneeza Khalid |
||
| 264 |
_aIslamabad : _bSEECS, NUST, _c2022. |
||
| 300 | _a78 p. ; | ||
| 650 |
_aMS-Information Technology _926924 |
||
| 700 |
_aSupervisor: Dr. Sohail Iqbal _996779 |
||
| 856 | _uhttp://10.250.8.41:8080/xmlui/handle/123456789/28965 | ||
| 942 |
_2ddc _cSC |
||
| 999 |
_c590865 _d590865 |
||